000
00286nam a22001097a 4500
082
_a
658 MAN'
245
_a
MANAGEMENT MAN MANAGEMENT COMMUNICATION LEADERSHIP IN MANAGEMENT
260
_a
KULDANA
_b
ARMY SCHOOL OF LOGISTICS
300
_a
VOL-5
650
_a
MANAGEMENT
_9
419
942
_c
BK
999
_c
578112
_d
578112